Taylor Swift - Devine la chanson sans indices #42 - Statistiques

Statistiques générales
  • Ce quiz a été pris 340 fois
  • Le résultat moyen est 186 sur 345
Statistiques - réponses
Réponse % Correct
I
99%
a
97%
you
97%
You
97%
you,
97%
The
94%
the
94%
oh,
91%
me
90%
your
85%
it
83%
My
83%
my
83%
to
83%
be
82%
on
82%
in
81%
when
81%
And
76%
and
76%
is
76%
no
76%
of
76%
You're
75%
you're
75%
I'm
74%
that
74%
go
73%
What
70%
like
69%
Like
69%
it's
68%
It's
68%
for
67%
was
67%
'Cause
61%
But
59%
could
59%
not
59%
by
57%
way
57%
know
56%
see
56%
with
56%
there
53%
would
53%
As
52%
should
51%
now
50%
just
48%
Just
48%
get
47%
Get
47%
Take
41%
up
41%
baby
40%
baby,
40%
smile
40%
everything
39%
Kiss
39%
make
39%
down
38%
fly,
38%
fly
38%
Meet
37%
sparks
36%
away
35%
eyes,
35%
eyes
35%
rain
34%
feel
33%
around
32%
couldn't
32%
pain
31%
whenever
31%
those
30%
bad
29%
lights
29%
pouring
29%
right
29%
thinking
29%
good
28%
sidewalk
28%
than
28%
something
27%
won't
27%
Won't
27%
Drop
25%
better
24%
green
24%
Close
23%
even
23%
house
23%
move
23%
touch
23%
keep
22%
mind
22%
really
21%
run
21%
enough
20%
kind
20%
wish
20%
front
19%
once
19%
through
19%
cards
18%
hair
18%
wait
18%
world
18%
haunt
17%
idea
16%
rainstorm
16%
rest
16%
watch
16%
wild
16%
full
15%
hope
15%
stood
15%
far
14%
fingers
14%
show
14%
wrong
14%
patiently
13%
find
12%
fireworks
12%
forgets
12%
keeping
12%
that'll
12%
kinda
11%
running
11%
whisper
11%
guard
10%
reckless
10%
remind
10%
send
10%
slow
10%
imagined
9%
captivated
8%
staircase
8%
Gimme
7%
lead
7%
soft
7%
Aucun quiz correspondant
Distribution des résultats
% des personnes avec chaque résultat
Percentile par nombre de réponses
Votre historique - résultats
Vous n’avez pas pris ce quiz